000 00878nam a2200265Ia 4500
003 OSt
005 20221005104548.0
006 a|||||r|||| 00| 0
007 ta
008 221004b |||||||| |||| 00| 0 hin d
024 _a32562
037 _cTextual
040 _aCRL
_cCRL
_bhin
041 _2hin
_ahin
082 _aO152,1N113x, L7
100 _aमाचवे, प्रभाकर
245 0 _aनागार्जुन
246 _aNāgārjuna
260 _aदिल्ली
_bराजपाल एण्ड सन्ज़ भारत
_c1977
300 _a102पृ.
_ccm.
490 _aआज के लोकप्रिय हिन्दी कवि; 14
650 _aहिन्दी कविता
942 _hO152,1N113x, L7
_cTEXL
_2cc
999 _c1013099
_d1013099